| 000 | 00633nam a2200193 a 4500 | ||
|---|---|---|---|
| 001 | 000043933 | ||
| 005 | 20201002045042.0 | ||
| 008 | 140509s2010 sp 000 0 spa d | ||
| 020 | _a9788492913060 | ||
| 040 |
_aDO-SdBNP _bspa _cBNPHU |
||
| 082 |
_axxxx _bxxxx |
||
| 100 | 1 |
_aFombellida, Rafael, _d1959- _971864 |
|
| 245 | 1 | 0 |
_aIsla decepción / _cRafael Fombellida. |
| 260 |
_aValencia : _bPre-Textos, _c2010. |
||
| 300 |
_a173 p. ; _c22 cm. |
||
| 490 | 1 |
_aTextos y pretextos _aPre-textos _v1034 |
|
| 500 | _aIncluye datos biográficos del autor en la solapa de la cubierta | ||
| 830 | 0 |
_aTextos y pretextos ; _pPre-textos _n1034 _971865 |
|
| 999 |
_c43422 _d43422 |
||